Logistics Motion Assignments in Robotized Systems

Optimalizácia trajektórie priemyselného robota vo vybraných systémoch. Trajektória priemyselných robotov bez kolízie, konfigurácia priestoru.

Salvato in:
Dettagli Bibliografici
Autore principale: Daneshjo, Naqibullah, 1964-
Altri autori: Majerník, Milan, 1952-, Králik, Marián, Danishjoo, Enayat
Natura: Capitolo di libro
Lingua:inglese
Soggetti:
Tags: Aggiungi Tag
Nessun Tag, puoi essere il primo ad aggiungerne!!

MARC

LEADER 00000naa a2200000 4500
001 0231395
005 20240502083621.2
041 0 |a eng 
044 |a CZ 
245 1 0 |a Logistics Motion Assignments in Robotized Systems  |c Naqibullah Daneshjo, Milan Majerník, Marián Králik, Enayat Danishjoo 
520 |a Optimalizácia trajektórie priemyselného robota vo vybraných systémoch. Trajektória priemyselných robotov bez kolízie, konfigurácia priestoru. 
610 2 0 |a logistika 
610 2 0 |a robotizácia 
610 2 0 |a programovanie 
610 2 0 |a systémy informačné 
100 1 |a Daneshjo, Naqibullah, 1964- 
700 1 |a Majerník, Milan, 1952- 
700 1 |a Králik, Marián 
700 1 |a Danishjoo, Enayat